| 000 | 00439nam a22001817a 4500 | ||
|---|---|---|---|
| 003 | MPLRDC | ||
| 005 | 20220104144315.0 | ||
| 008 | 210129b ||||| |||| 00| 0 eng d | ||
| 082 | _a942.15 MXD | ||
| 100 | _a闵祥德 | ||
| 245 |
_a行书书法写门径 _c |
||
| 250 | _a初版 | ||
| 260 |
_a _b明天出版社 _c1988 |
||
| 300 | _b平 | ||
| 490 | _a新编书法丛书 | ||
| 650 | _a书体; 笔法--行书 | ||
| 942 |
_cBK _o942.15 MXD |
||
| 999 |
_c48343 _d48333 |
||